Sài Gòn Tiếp thị

Ngưng đặt mua từ 1/2019

שמור ב:
מידע ביבליוגרפי
מחבר ראשי: Trung tâm xúc tiến Thương mại và Đầu tư Thành phố Hồ Chí Minh
פורמט: ספר
שפה:Undetermined
יצא לאור: Thành phố Hồ Chí Minh
נושאים:
גישה מקוונת:http://lrc.tdmu.edu.vn/opac/search/detail.asp?aID=2&ID=6817
תגים: הוספת תג
אין תגיות, היה/י הראשונ/ה לתייג את הרשומה!
Thư viện lưu trữ: Trung tâm Học liệu Trường Đại học Thủ Dầu Một
LEADER 00729nam a2200169Ia 4500
001 TDMU_6817
008 210410s9999 xx 000 0 und d
082 |a NULL 
100 |a Trung tâm xúc tiến Thương mại và Đầu tư Thành phố Hồ Chí Minh 
245 0 |a Sài Gòn Tiếp thị 
245 0 |c Trung tâm xúc tiến Thương mại và Đầu tư Thành phố Hồ Chí Minh 
260 |a Thành phố Hồ Chí Minh 
300 |a 40tr 
520 |a Ngưng đặt mua từ 1/2019 
650 |a Báo Sài Gòn Tiếp thị 
856 |u http://lrc.tdmu.edu.vn/opac/search/detail.asp?aID=2&ID=6817 
980 |a Trung tâm Học liệu Trường Đại học Thủ Dầu Một